=LDR 00000nam 2200000 4500 =001 INLIS000000000027947 =005 20130612130303 =008 ***********************************Ind** =035 ##$$0010-061300000027947 =041 ##$$a Ind =082 ##$$a R. 910.03 =090 ##$$a R. 910.03, Bah s =100 ##$$a BAHRUDDIN HA =245 ##$$a Seribu satu istilah fenomena gegrafi, sebagai mutira pelajaran untuk SMP, SMA/MA umum, Drs. Baharuddin HA =260 ##$$a 2005 $b Karara Kota bima NTB =300 ##$$a 179 hlm., 22 cm =650 ##$$a Geografi-Kamus =850 ##$$a NBPNMAT